ბათუმის შოთა რუსთაველის სახელმწიფო უნივერსიტეტის ბიბლიოთეკა

პეტროლოგია (ბიბ.ჩანაწერი № 34764)

000 -LEADER
fixed length control field 00885nam a2200229Ia 4500
001 - CONTROL NUMBER
control field 573
003 - CONTROL NUMBER IDENTIFIER
control field GE_BSU
008 - FIXED-LENGTH DATA ELEMENTS--GENERAL INFORMATION
fixed length control field 181216s||||||||xx |||||||||||||| ||und||
020 ## - INTERNATIONAL STANDARD BOOK NUMBER
International Standard Book Number 5505005330
040 ## - CATALOGING SOURCE
Transcribing agency GE_BSU
080 ## - UNIVERSAL DECIMAL CLASSIFICATION NUMBER
Universal Decimal Classification number 552(075.8)
100 ## - MAIN ENTRY--PERSONAL NAME
Personal name ზარიძე, გიორგი
245 ## - TITLE STATEMENT
Title პეტროლოგია
245 ## - TITLE STATEMENT
Remainder of title სახელმძღვანელო უმაღლესი სასწ გეოლოგიის სპეც. სტუდენტებისათვის
260 ## - PUBLICATION, DISTRIBUTION, ETC.
Place of publication, distribution, etc. თბილისი
260 ## - PUBLICATION, DISTRIBUTION, ETC.
Name of publisher, distributor, etc. ’’განათლება’’
260 ## - PUBLICATION, DISTRIBUTION, ETC.
Date of publication, distribution, etc. 1988
300 ## - PHYSICAL DESCRIPTION
Extent 507 გვ.
653 ## - INDEX TERM--UNCONTROLLED
Uncontrolled term პეტროლოგიის სახელმძღვანელოები უმაღლესი სასწავლებლებისათვის;
942 ## - ADDED ENTRY ELEMENTS (KOHA)
Koha item type წიგნი
ეგზემპლარები
Withdrawn status Lost status Damaged status Not for loan Date acquired Barcode Date last seen Price effective from Koha item type
        2018-12-17 1927 2018-12-17 2018-12-17 წიგნი